Statistics for Google Letters: Oceanic Countries

Click here to take the quiz!

General Stats

  • This quiz has been taken 280 times
  • The average score is 13 of 14

Answer Stats

Country# of Letters% Correct
Australia9
100%
Fiji3
96%
Fed. States of Micronesia10
95%
Kiribati4
95%
Nauru4
95%
Palau5
95%
Papua New Guinea4
94%
Tuvalu3
93%
New Zealand4
93%
Samoa4
93%
Tonga5
93%
Solomon Islands8
93%
Marshall Islands9
93%
Vanuatu4
92%

Score Distribution

Percentile by Number Answered

Percent of People with Each Score

Your Score History

You have not taken this quiz